| 000 | 00553nam a2200217Ia 4500 | ||
|---|---|---|---|
| 008 | 230125s9999 xx 000 0 und d | ||
| 020 | _a981-4066-400 | ||
| 041 | _aeng | ||
| 082 |
_a004.65 _bWAL VAR |
||
| 100 |
_aWalrand J _9110034 |
||
| 245 | _aHigh-performance communication networks | ||
| 250 | _a2nd ed | ||
| 260 |
_c2000 _bHarcourt Asia _aSingapore |
||
| 300 | _a693p | ||
| 500 | _aNetworking | ||
| 500 | _aNetworking | ||
| 650 | _aComputer Management | ||
| 700 |
_aWalrand J & Varaiya P _9110035 |
||
| 906 | _b68 | ||
| 999 |
_c86765 _d86765 |
||